00667 2200229 4500001002100000005001500021035002000036007000300056008004100059020001800100082001000118084001600128100001400144245012400158250001100282260003100293300002400324650003300348700003500381990001000416990001100426INLIS00000000001013220220125123601 a0010-0122000333ta220125 g 0 ind  a9789790754393 a649.1 a649.1 JAY s0 aJay, Roni1 a10 Pedoman Penting Membesarkan Anak :bJudul asli The 10 Most Important Things You Can Do For Your Children /cRoni Jay aCet. 1 aJakarta :bErlangga,c2011 a165hlm ;c15 x 23cm 4aAnak Perawatan dan Kesehatan0 aPenerjemah; Ronaldo Tampubolon a13751 a13751A